Quick Pick: Real or Fake Banks Quiz Stats

 Plays Quiz Updated Apr 10, 2018

Challenge
Share
Tweet
Embed
Score 0/12 Timer 01:00
0 Plays Today
% Correct
First Republic Bank
88.5%
Countrywide Bank
88.3%
TD Bank
83.5%
Fifth Third Bank
82.3%
East West Bank
79.4%
Silicon Valley Bank
77.6%
Clydesdale Bank
73.1%
Dollar Bank
70.3%
Charity Bank
69.8%
The PrivateBank
69.2%
Dime Savings Bank
67.3%
The Banker's Bank
63.1%

Today's Daily Dose

Missing Word
US Newspapers

Word Ladder
Shawn Mendes

On This Day
October 18th II

You're not logged in!

Compare scores with friends on all Sporcle quizzes.
Join for Free
OR
Log In

You Might Also Like...

Show Comments

Extras

Top Quizzes Today


Score Distribution

Your Account Isn't Verified!

In order to create a playlist on Sporcle, you need to verify the email address you used during registration. Go to your Sporcle Settings to finish the process.

Report this User

Report this user for behavior that violates our Community Guidelines.

Details: